|
|
|
|
| LEADER |
00000nam0a2200000 4500 |
| 001 |
233977 |
| 005 |
20231101231302.0 |
| 010 |
|
|
|a 9785991625531
|
| 010 |
|
|
|a 978-5-9692-1431-6
|
| 035 |
|
|
|a (RuTPU)RU\TPU\book\255061
|
| 035 |
|
|
|a RU\TPU\book\187672
|
| 035 |
|
|
|a RU\TPU\book\230648
|
| 090 |
|
|
|a 233977
|
| 100 |
|
|
|a 20091217d2013 m y0rusy50 ca
|
| 101 |
0 |
|
|a rus
|
| 102 |
|
|
|a RU
|
| 105 |
|
|
|a a j 001zd
|
| 200 |
1 |
|
|a Экономика отраслевых рынков
|e учебное пособие для бакалавров
|f Н. М. Розанова
|g Высшая школа экономики (ВШЭ), Национальный исследовательский университет (НИУ)
|
| 210 |
|
|
|a Москва
|c Юрайт
|d 2013
|
| 215 |
|
|
|a 906 с.
|c ил.
|
| 225 |
1 |
|
|a Бакалавр. Углубленный курс
|
| 320 |
|
|
|a Библиогр.: с. 904-906.
|
| 330 |
|
|
|a В настоящем учебном пособии всесторонне рассматриваются основные модели формирования и функционирования различного рода рыночных структур, излагаются базовые принципы поведения фирм на разных рынках, описываются последствия такого поведения для развития экономики в целом, варианты отраслевой политики государства. Пособие знакомит как с теоретическими моделями, так и с результатами современных эмпирических исследований. Основное внимание уделяется особенностям взаимодействия фирмы, потребителей и государства в тех или иных условиях рынка и отрасли.
|
| 600 |
|
1 |
|a Смит
|g Адам
|b А.
|c шотландский экономист
|c философ
|f 1723-1790
|2 stltpush
|3 (RuTPU)RU\TPU\pers\647
|
| 600 |
|
1 |
|a Маршалл
|g Альфред
|b А.
|c английский экономист
|f 1842-1924
|2 stltpush
|3 (RuTPU)RU\TPU\pers\821
|
| 600 |
|
1 |
|a Робинсон
|b Дж. В.
|c английский экономист и общественный деятель
|c последовательница кейнсианского направления в экономической науке
|f 1903-1983
|g Джоан Вайолет
|2 stltpush
|3 (RuTPU)RU\TPU\pers\22841
|9 9819
|
| 600 |
|
1 |
|a Чемберлин
|b Э.
|c американский экономист
|f 1899-1967
|g Эдуард
|2 stltpush
|3 (RuTPU)RU\TPU\pers\20561
|9 8301
|
| 600 |
|
1 |
|a Шумпетер
|b Й.
|c американский экономист австро-венгерского происхождения
|c социолог
|f 1883-1950
|g Йозеф
|2 stltpush
|3 (RuTPU)RU\TPU\pers\12608
|9 3567
|
| 600 |
|
1 |
|a Хайек
|g Фридрих Август
|b Ф. А. фон
|c австрийский экономист
|c нобелевский лауреат
|f 1899-1992
|2 stltpush
|3 (RuTPU)RU\TPU\pers\1281
|
| 600 |
|
1 |
|a Кирзнер
|b И. М.
|c австрийский экономист
|f 1930-
|g Израэл Меир (Исроэль Маейр)
|2 stltpush
|3 (RuTPU)RU\TPU\pers\26288
|9 12061
|
| 600 |
|
1 |
|a Бэйн
|b Дж. С.
|c американский экономист
|f 1912-1991
|g Джо Стейтен
|2 stltpush
|3 (RuTPU)RU\TPU\pers\22527
|9 9608
|
| 600 |
|
1 |
|a Лернер
|b А. П.
|c американский экономист
|f 1903-1982
|g Абба Птачия
|2 stltpush
|3 (RuTPU)RU\TPU\pers\22565
|9 9632
|
| 600 |
|
1 |
|a Тобин
|b Дж.
|c американский экономист
|c нобелевский лауреат
|f 1918-2002
|g Джеймс
|2 stltpush
|3 (RuTPU)RU\TPU\pers\10576
|9 2253
|
| 606 |
1 |
|
|a Рыночная экономика
|x Теория
|2 stltpush
|3 (RuTPU)RU\TPU\subj\26444
|9 50370
|
| 610 |
1 |
|
|a отраслевые рынки
|
| 610 |
1 |
|
|a рыночные структуры
|
| 610 |
1 |
|
|a рынок
|
| 610 |
1 |
|
|a монополистическое поведение
|
| 610 |
1 |
|
|a монополия
|
| 610 |
1 |
|
|a рыночные барьеры
|
| 610 |
1 |
|
|a ценовая конкуренция
|
| 610 |
1 |
|
|a налогообложение
|
| 610 |
1 |
|
|a конкурентная политика
|
| 610 |
1 |
|
|a конкуренция
|
| 610 |
1 |
|
|a антимонопольная политика
|
| 610 |
1 |
|
|a промышленная политика
|
| 610 |
1 |
|
|a Европейское Сообщество
|
| 610 |
1 |
|
|a Германия
|
| 610 |
1 |
|
|a Великобритания
|
| 610 |
1 |
|
|a Франция
|
| 610 |
1 |
|
|a Япония
|
| 610 |
1 |
|
|a Южная Корея
|
| 610 |
1 |
|
|a естественная монополия
|
| 610 |
1 |
|
|a ценообразование
|
| 610 |
1 |
|
|a неценовое регулирование
|
| 610 |
1 |
|
|a однопродуктовые монополисты
|
| 610 |
1 |
|
|a многопродуктовые монополисты
|
| 610 |
1 |
|
|a картельное соглашение
|
| 610 |
1 |
|
|a картели
|
| 610 |
1 |
|
|a вертикальная интеграция
|
| 610 |
1 |
|
|a франчайзинг
|
| 610 |
1 |
|
|a франшиза
|
| 610 |
1 |
|
|a ценовая дискриминация
|
| 610 |
1 |
|
|a продукт
|
| 610 |
1 |
|
|a диверсификация
|
| 610 |
1 |
|
|a реклама
|
| 610 |
1 |
|
|a инновации
|
| 610 |
1 |
|
|a инновационная деятельность
|
| 610 |
1 |
|
|a инновационная стратегия
|
| 610 |
1 |
|
|a патенты
|
| 610 |
1 |
|
|a США
|
| 610 |
1 |
|
|a Россия
|
| 610 |
1 |
|
|a российская экономика
|
| 610 |
1 |
|
|a малый бизнес
|
| 610 |
1 |
|
|a финансовые рынки
|
| 610 |
1 |
|
|a внешнеторговая политика
|
| 610 |
1 |
|
|a государственные закупки
|
| 610 |
1 |
|
|a учебные пособия
|
| 686 |
|
|
|a У011.31я73
|v LBC/SL-A
|2 rubbk
|
| 700 |
|
1 |
|a Розанова
|b Н. М.
|g Надежда Михайловна
|
| 712 |
0 |
2 |
|a Высшая школа экономики (ВШЭ)
|b Национальный исследовательский университет (НИУ)
|c (Москва)
|c (2010- )
|2 stltpush
|3 (RuTPU)RU\TPU\col\17951
|
| 801 |
|
1 |
|a RU
|b 63413507
|c 20130314
|
| 801 |
|
2 |
|a RU
|b 63413507
|c 20150513
|g RCR
|
| 900 |
|
|
|a Экономика отраслевых рынков
|
| 942 |
|
|
|c BK
|
| 952 |
|
|
|b 080100
|
| 959 |
|
|
|a 45/20130225
|d 2
|e 435,00
|f ЧЗГЛ:1
|f АНЛ:1
|